000 00908nas a2200301 4500
001 BR2016001669
003 BR-BrBNA
005 20231205130308.0
007 ta
008 230509b bl.|||p| |||| 00| 00por d
040 _aBR-BrBNA
_bpor
_cBiblioteca Nacional de Agricultura
041 _a(En)
072 _aK01
100 1 _aMenino, G.C. de O.
100 1 _aSantos, R.M. dos
100 1 _aPifano, D.S.
100 1 _aBorém, R.A.T.
100 1 _aAlmeida, C.A.M. de
100 1 _aDomingos, D.G.
100 1 _aMoreira, A.M.
245 1 _aInselbergs as a source of beta diversity in a vegetation matrix in Coqueiral, Minas Gerais, Brazil
650 _aFLORESTA
650 _aCONSERVACAO
650 _aMINAS GERAIS
773 0 _tCiência Florestal (Brazil)
_xISSN 0103-9954
_g(Dez 2015), v. 25(4) p. 947-958
_wBR2016001669
909 _a202311
_bLúcia
_c55
_dLúcia Elande
942 _2AGRIS
_n0
_cANA
999 _c248711
_d248711